Language Quiz

Random Language or Italian Quiz

Italian Ch. 3 - Vocab (Italian to English) Quiz Stats

 Plays Quiz not verified by Sporcle

Score 0/120 Timer 15:00
0 Plays Today
In Italian In English % Correct
prendereto take
84.4%
giocareto play (a game)
81.3%
dormireto sleep
78.1%
semprealways
75%
fareto do, to make
75%
lunedìMonday
75%
ballareto dance
71.9%
fare yogato do yoga
71.9%
mercoledìWednesday
71.9%
giovedìThursday
71.9%
mangiareto eat
68.8%
la bibliotecalibrary
68.8%
lo sportsport
68.8%
quandowhen
65.6%
andareto go
65.6%
giocare a tennisto play tennis
65.6%
studiareto study
65.6%
il violinoviolin
65.6%
martedìTuesday
65.6%
sabatoSaturday
65.6%
domenicaSunday
65.6%
scusa/scusiexcuse me (inform./form.)
62.5%
bereto drink
62.5%
leggereto read
62.5%
pagareto pay
62.5%
l'e-maile-mail
62.5%
venerdìFriday
62.5%
arrivareto arrive
59.4%
lavorareto work
59.4%
venireto come
59.4%
l'autobusbus
59.4%
il cinemamovie theater; movies
59.4%
lo shoppingshopping
59.4%
Che ora è?/Che ore sono?What time is it?
56.3%
giocare a calcioto play soccer
56.3%
giocare a golfto play golf
56.3%
lavareto wash
56.3%
pulireto clean
56.3%
servireto serve
56.3%
il telefonotelephone
56.3%
In Italian In English % Correct
A che ora...?At what time...?
53.1%
praticareto practice
53.1%
scrivereto write
53.1%
finireto finish
50%
preferireto prefer
50%
le vacanzevacation
50%
andare al cinemato go to the movies
46.9%
aprireto open
46.9%
capireto understand
46.9%
cenareto eat dinner
46.9%
chiudereto close
46.9%
parlareto talk, to speak
46.9%
il piattoplate, dish
46.9%
il telefoninocellphone
46.9%
È tardi.It's late.
43.8%
tutti i giorni/ogni giornoeveryday
43.8%
fare una domandato ask a question
43.8%
fare una fototo take a photo
43.8%
iniziareto begin
43.8%
prendere l'autobusto take the bus
43.8%
la chitarraguitar
43.8%
il pianofortepiano
43.8%
i soldimoney
43.8%
andare a lettoto go to bed
40.6%
dimenticareto forget
40.6%
di mattinain the morning
37.5%
del pomeriggioin the afternoon
37.5%
di serain the evening
37.5%
spessooften
37.5%
troppo tarditoo late
37.5%
fare colazioneto eat breakfast
37.5%
giocare a carteto play cards
37.5%
pranzareto eat lunch
37.5%
pregareto pray
37.5%
Che giorno è oggi?What day is today?
34.4%
È l'una e un quarto.It's 1:15.
34.4%
È mezzanotte.It's midnight.
34.4%
frequentareto attend
34.4%
tornareto return
34.4%
È mezzogionro.It's noon.
31.3%
In Italian In English % Correct
Sono le due e mezzo.It's 2:30.
31.3%
non... mainever
31.3%
ascoltareto listen to
31.3%
prendere un caffèto have a coffee
31.3%
uscireto leave a place, to exit, to go out (with others)
31.3%
È l'una.It's 1:00.
28.1%
troppo prestotoo early
28.1%
fare sportto play sports
28.1%
fare una passeggiatato take a walk
28.1%
È presto.It's early.
25%
Pronto!Hello! (on the telephone)
25%
senti/sentalisten (inform./form.)
25%
spiegareto explain
25%
Sono le due meno un quarto.It's 1:45.
21.9%
va beneokay
21.9%
guardareto look at, watch
21.9%
la rivistamagazine
21.9%
a più tardisee you later
18.8%
benissimoterrific, great
18.8%
Mi fanno male i piedi.My feet hurt.
18.8%
suonareto play (an instrument)
18.8%
a prestosee you soon
15.6%
Mi fa male la gamba.My leg hurts.
15.6%
cercareto look for
15.6%
fare uno spuntinoto have a snack
15.6%
ogni tantosometimes
12.5%
rientrareto come home
12.5%
la discotecadiscotheque
12.5%
Nel tempo libero cosa ti/Le piace fare?What do you (inform./form.) like to do in your free time?
9.4%
fare le ore piccoleto stay up late
9.4%
non vedere l'ora (di + inf.)to not be able to wait (to do something)
9.4%
la mensacafeteria
6.3%
Cosa fai/fa di bello?What interesting (fun) things do you (inform./form.) have planned?
3.1%
andare + a + (inf.)to go (to do something)
3.1%
bisogna di (+ inf.)one needs to (do something)
0%
mi piace (+ inf.)I like to (do something)
0%
ti piace (+ inf.)you (inform.) like to (do something)
0%
le piace (+ inf.)she likes to (do something)
0%
gli piace (+ inf.)he likes to (do something)
0%
Ti va di (+ inf.)?Do you (inform.) feel like (doing something)?
0%

You're not logged in!

Compare scores with friends on all Sporcle quizzes.
OR
Log In

Show Comments

Extras

Top Quizzes Today


Score Distribution

Your Account Isn't Verified!

In order to create a playlist on Sporcle, you need to verify the email address you used during registration. Go to your Sporcle Settings to finish the process.

Report this User

Report this user for behavior that violates our Community Guidelines.

Details: